000 00971cam a2200217 4500
001 WB4037-17
008 040929n2004 000 0 eng u
035 _a(Sirsi) u127550
245 _aJobs, enterprise and deprived areas
260 _c2004
490 _aODPM News Release
520 _aNew cross government measures are announced to tackle persisting pockets of worklessness across the country. A new study by the Social Exclusion Unit, Jobs and enterprise in deprived areas', outlined the actions to be taken which include promotion of low-cost home ownership through job centres to give people a stake in their communities and guidance for social landlords on how to create mixed communities. http://www.odpm.gov.uk/pns/DisplayPN.cgi?pn_id=200 4_0227
590 _aWB
590 _aWB
650 _aDEPRIVED AREAS
650 _aHOUSING QUALITY
650 _aSOCIAL EXCLUSION UNIT
650 _aHOME OWNERSHIP
690 _aREGENERATION
942 _n0
999 _c118078
_d118078